| 000 | 00505nam a2200181Ia 4500 | ||
|---|---|---|---|
| 005 | 20250326124204.0 | ||
| 008 | 250326s9999 xx 000 0 und d | ||
| 037 | _aTextbook | ||
| 040 |
_aFMSL _beng _cFMSL |
||
| 041 |
_aeng _2eng |
||
| 084 |
_aX:51 K6 _qFMSL |
||
| 100 |
_aKirzner I M _9736544 |
||
| 245 | 0 |
_aMarket theory and the price system _cKirzner I M |
|
| 260 |
_aNew Delhi _bNew Delhi, D Van Nostrand _c1966 |
||
| 300 | _a324p | ||
| 942 |
_cTB _hX:51 K6 |
||
| 999 |
_c1272654 _d1272654 |
||